Normal view
MARC view
- Maintanance of high speed diesel engines
Entry Topical Term
001 - CONTROL NUMBER
- control field: 110384
003 - CONTROL NUMBER IDENTIFIER
- control field: NUST
005 - DATE AND TIME OF LATEST TRANSACTION
- control field: 20230316113300.0
008 - FIXED-LENGTH DATA ELEMENTS
- fixed length control field: 230316|| aca||aabn | a|a d
040 ## - CATALOGING SOURCE
- Original cataloging agency: NUST
- Transcribing agency: NUST
150 ## - HEADING--TOPICAL TERM
- Topical term or geographic name entry element: Maintanance of high speed diesel engines
670 ## - SOURCE DATA FOUND
- Source citation: Work cat.: (NUST)183555: W. Judge, Arthur 110383, Maintanance of High Speed Diesel Engines /, 1949
